Les pays ayant un Y dans leur nom - Statistiques

Statistiques générales
  • Ce quiz a été pris 610 fois
  • Le résultat moyen est 9 sur 14
Statistiques - réponses
Nom du pays % Correct
14 Yemen
96%
6 Libye
76%
12 Syrie
72%
8 Paraguay
68%
13 Uruguay
68%
3 Erythrée
61%
5 Kenya
60%
2 Egypte
59%
4 Guyana
59%
1 Chypre
58%
11 Seychelles
55%
9 Pays-Bas
45%
10 Royaume-Uni
43%
7 Myanmar
33%
Aucun quiz correspondant
Distribution des résultats
% des personnes avec chaque résultat
Percentile par nombre de réponses
Votre historique - résultats
Vous n’avez pas pris ce quiz